000
00324nam a2200109Ia 4500
008
171204s9999 xx 000 0 und d
245
_a
Advanced Calculus: Theory And Practice:
245
_c
John Srdjan Petrovic
260
_c
2014
650
_x
Calculus
856
_u
http://www.ebook777.com/advanced-calculus-theory-practice/
999
_c
345479
_d
345479